000 00417cam a22001337a 4500
008 180718b1995 xxu||||| |||| 00| 0 eng d
020 _a81 237 1180 8
100 _aDeshpanday, Nirmala
245 _aRastriya jiwan charit vinoba
_cby Nirmala Deshpanday translated by Sanker Gopal Nene
260 _aIndia
_bNational Book Trust
_c1995
300 _a131
650 _aNationalgraphy-vinoba
700 _aNene, Sanker Gopal
999 _c439850
_d439850